| 000 | 00749 a2200217 4500 | ||
|---|---|---|---|
| 020 | _a093198842X | ||
| 040 |
_aDLC _bDLC |
||
| 082 | 0 | 0 | _a621.3819583 |
| 100 | 1 | _aOsborne, Adam. | |
| 245 | 1 | 0 |
_aOsborne 4 and 8-bit microprocessor handbook _cAdam Osborne, Gerry Kane. |
| 260 |
_aBerkeley, Calif. : _bOsborne/McGraw-Hill, _cc1981. |
||
| 300 |
_a1 v. (various pagings) : _bill. ; _c24 cm. |
||
| 440 | 0 | _aOsborne/McGraw-Hill microprocessor handbook series | |
| 500 | _aIncludes index. | ||
| 650 | 0 |
_aMicroprocessors _xHandbooks, manuals, etc. |
|
| 700 | 1 |
_aKane, Gerry, _d1942- |
|
| 700 | 1 | _aOsborne, Adam. | |
| 740 | 0 | _a4 & 8-bit microprocessor handbook. | |
| 740 | 0 | _aFour and eight-bit microprocessor handbook. | |
| 942 |
_cBK _k621.3819583 OSB _2ddc |
||
| 999 |
_c9764 _d9764 |
||